[Event "Dvorkovich Memorial Rapid 2018"]
[Site "Taganrog"]
[Date "2018.01.14"]
[Round "2.5"]
[White "Pridorozhni, Aleksei"]
[Black "Tsoi, Dmitry"]
[Result "1-0"]
[WhiteElo "2571"]
[BlackElo "2371"]
[Annotator "TA"]
[PlyCount "74"]
[EventDate "2018.??.??"]
[EventType "swiss"]
[EventCountry "RUS"]
[SourceTitle "playchess.com"]
[Source "ChessBase"]
[SourceQuality "1"]

{[%evp 14,74,26,25,56,43,36,40,62,39,62,47,75,66,79,64,68,49,61,54,59,55,107,104,131,131,131,131,131,131,131,131,131,131,139,125,125,125,126,126,182,178,254,250,364,366,362,362,423,431,418,424,421,415,581,586,739,739,730,725,730,728,779]} 1. e4 d6 2. d4 Nf6 3. f3 Nbd7 4. c4 e5 5. Ne2 Be7 6. Nbc3 O-O 7. Be3 c6 8. d5 {LiveBook: 53 Games} Nb6 {A53: Old Indian Defence without Nf3} 9. b3 $146 ({Predecessor:} 9. Ng3 cxd5 10. cxd5 Ne8 11. Bd3 Bg5 12. Bf2 g6 13. O-O h5 14. Nge2 h4 15. Kh1 Nf6 16. f4 exf4 17. Nxf4 Bxf4 18. Bxb6 Qxb6 19. Rxf4 {1-0 (29) Meduna,E (2485)-Tobyas,M (2305) Pardubice 1994}) 9... cxd5 10. cxd5 Bd7 {White is slightly better.} 11. Qd2 Rc8 12. Ng3 Na8 13. Bd3 ({Inferior is} 13. Bxa7 Qc7 $17) 13... Qa5 14. Nb5 {[%cal Bc3b5,Bb5a3,Ba3c2][%mdl 32]} Qxd2+ 15. Kxd2 a6 $1 {[%cal Ra6b5]} 16. Na3 b5 17. Nc2 Bd8 (17... a5 $14) 18. a4 $16 Ba5+ 19. b4 Bb6 20. axb5 axb5 21. Ra6 $36 {[%mdl 2048] White is on the roll.} Rb8 22. Rha1 Rfc8 23. Ne2 Ne8 24. Nc3 Nec7 25. R6a3 Bxe3+ 26. Nxe3 Nb6 (26... Rb7 $16 27. Ra7 Rcb8) 27. Ra7 $18 Ra8 (27... Kf8 {keeps fighting.} 28. h3 h6) 28. R1a5 Rxa7 (28... g6 {might work better.} 29. Rb7 (29. Nxb5 Bxb5 30. Rxa8 Rxa8 $18) 29... Rab8) 29. Rxa7 Kf8 30. Rb7 Na4 31. Nxa4 bxa4 32. Nc4 a3 33. Nxa3 Be8 34. b5 {[%cal Bb4b5,Bb5b6][%mdl 32] White is clearly winning.} f5 35. b6 Na8 36. exf5 Rd8 37. g4 Ba4 {Precision: White = 88%, Black = 50%.} 1-0

[Event "Dvorkovich Memorial Rapid 2018"]
[Site "Taganrog"]
[Date "2018.01.14"]
[Round "2.6"]
[White "Kornyukov, Alexey"]
[Black "Bocharov, Dmitry"]
[Result "0-1"]
[WhiteElo "2452"]
[BlackElo "2583"]
[Annotator "TA"]
[PlyCount "120"]
[EventDate "2018.??.??"]
[EventType "swiss"]
[EventCountry "RUS"]
[SourceTitle "playchess.com"]
[Source "ChessBase"]
[SourceQuality "1"]

{[%evp 19,120,-62,-31,-90,0,-16,15,0,0,-23,0,0,0,-8,-22,-13,-12,-3,-12,-10,93,91,81,-19,-26,-47,0,0,0,0,0,-3,-11,-60,-66,-83,0,-60,-19,-25,0,0,0,0,15,11,11,0,0,-14,-14,-16,-18,-59,-74,-85,-85,-85,-85,-85,-85,-255,-255,-255,-255,-255,-255,-255,-255,-252,-231,-197,-179,-168,-155,-158,-131,-1643,-1458,-1883,-1318,-12850,-10585,-10785,-9953,-10064,-7783,-6540,-6532,-6044,-6044,-29971,-29972,-29973,-29974,-29976,-29974,-29972,-29973,-29969,-29967,-6680,-6279]} 1. d4 Nf6 2. c4 e6 {[%cal Be7e6,Be6d5][%mdl 32]} 3. Nc3 Bb4 4. f3 O-O 5. e4 d5 6. cxd5 {E20: Nimzo-Indian: 4 g3 and 4 f3} exd5 7. e5 Nfd7 {[%cal Bf6d7,Bd7c5,Bc5e4][%mdl 32]} 8. f4 (8. a3 Bxc3+ 9. bxc3 f6 10. exf6 Qe8+ 11. Qe2 Qf7 12. fxg7 Re8 13. Be3 Nc6 {1-0 (44) Mamedyarov,S (2757)-Aronian,L (2830) Khanty-Mansiysk 2014}) 8... c5 9. Nf3 Nc6 10. Be3 cxd4 {LiveBook: 3 Games} 11. Bxd4 (11. Nxd4 $15 Nc5 12. Bb5) 11... Re8 $146 (11... Nc5 $17 {And now ...Ne4 would win.} 12. Be2 (12. Bxc5 Bxc5 13. Bd3 Qb6 $17) 12... Ne6) ({Predecessor:} 11... Nxd4 12. Qxd4 Qa5 13. a3 Bxc3+ 14. bxc3 {½-½ (66) Le,Q (2712)-Van Wely,L (2654) Dubai 2014}) 12. Be2 Nc5 13. a3 Bxc3+ 14. bxc3 Ne4 15. O-O Qa5 16. Ng5 Nxg5 17. fxg5 Nxe5 18. Bh5 {Threatens to win with Re1.} Ng6 19. Qf3 Be6 (19... Qc7 $1 $11) 20. Rae1 $16 {Hoping for Rxe6!} Qc7 {[#]} 21. Bxg6 (21. Qf2 $1 $16) 21... hxg6 $11 22. h4 Qd7 23. Re5 Rad8 24. Rfe1 Bf5 25. Qf4 Be4 26. Rf1 b6 27. Rf2 Re6 (27... Rf8 $17 {aiming for ...Kh7.} 28. Rxe4 dxe4) 28. g4 ({Better is} 28. Rxe6 $11 fxe6 29. Be5) 28... Rde8 {...Rxe5 is the strong threat.} 29. Rxe6 Qxe6 30. h5 gxh5 31. gxh5 Rf8 32. Qg3 Bf5 33. Qf4 Bd3 34. h6 gxh6 $1 35. gxh6 {White wants to mate with Qg5+.} Kh7 $1 $36 {[%mdl 2048] Black has the initiative.} 36. Rg2 {Rg7+ would kill now.} Bg6 $1 37. Qf6 Qxf6 38. Bxf6 Kxh6 $17 {[%mdl 4096] Endgame KRB-KRB} 39. Rg5 Be4 40. Bg7+ $2 (40. Kf2 $17 {might work better.}) 40... Kxg5 $19 41. Bxf8 {KB-KB} Kf4 42. Kf2 Bd3 43. Bd6+ Ke4 44. Bb8 {[#]} a6 $1 45. Bc7 b5 46. Bb6 Bc4 47. Ke1 Kd3 48. Bd4 $2 {[%mdl 8192]} (48. Ba5 $17) 48... Kc2 49. Bf6 Kb3 50. Kd2 Kxa3 51. Kc2 Ka4 52. Be7 f5 53. Bd6 a5 54. Kb2 b4 {[%cal Bb5b4,Bb4b3][%mdl 32]} 55. Be5 b3 56. Bf4 Kb5 57. Bg3 Kc6 58. Bf4 Kd7 59. Ka3 Ke6 60. Bc7 Kf6 {Precision: White = 29%, Black = 71%.} 0-1

[Event "Dvorkovich Memorial Rapid 2018"]
[Site "Taganrog"]
[Date "2018.01.14"]
[Round "2.7"]
[White "Paravyan, David"]
[Black "Chernyavsky, Alexander"]
[Result "1/2-1/2"]
[WhiteElo "2603"]
[BlackElo "2326"]
[Annotator "TA"]
[PlyCount "97"]
[EventDate "2018.??.??"]
[EventType "swiss"]
[EventCountry "RUS"]
[SourceTitle "playchess.com"]
[Source "ChessBase"]
[SourceQuality "1"]

{[%evp 9,97,0,-5,0,17,21,26,29,39,33,41,38,47,4,14,8,34,34,37,32,36,29,47,53,83,52,111,105,217,214,210,210,240,199,196,194,214,228,218,212,215,213,205,191,198,200,229,229,313,309,812,812,491,491,1041,933,747,748,667,659,12836,12836,12836,12836,12836,12837,12837,12837,12837,12837,12839,12839,12840,12840,12840,12841,12844,12844,12845,12841,12847,12846,12848,12848,29981,29982,29984,29983,29983,29984]} 1. Nf3 d5 2. d4 Nf6 3. a3 (3. c4 e6 4. Nc3 a6 5. cxd5 exd5 6. Bg5 Be6 7. e3 Nbd7 8. Bd3 Bd6 9. Bf4 Qe7 10. O-O O-O 11. h3 Rfe8 12. Qc2 {½-½ (12) Aronian,L (2805)-Carlsen,M (2837) Riadh 2017}) 3... e6 4. Bf4 c5 5. e3 Nc6 6. Be2 {D02: 1 d4 d5 2 Nf3 sidelines, including 2...Nf6 3 g3 and 2...Nf6 3 Bf4} Bd6 $146 ({Predecessor:} 6... Be7 7. Nc3 O-O 8. dxc5 Bxc5 9. O-O b6 10. Nb5 Bb7 11. Nfd4 Qd7 12. Nxc6 Bxc6 {0-1 (48) Schmitzer,P (2113)-Braun,P (2275) Bad Woerishofen 2007}) 7. dxc5 Bxf4 8. exf4 {White has an edge.} Qa5+ 9. Nbd2 Qxc5 10. O-O O-O 11. b4 Qd6 12. g3 a5 13. b5 Ne7 14. c4 b6 15. cxd5 Nexd5 16. Nc4 $36 {[%mdl 2048] White fights for an advantage.} Qe7 17. Qd4 Nd7 (17... Bd7 $14) 18. Nfe5 $16 Nc5 {[#]} (18... Nxe5 $16 19. fxe5 Rb8) 19. Nxb6 $1 $18 {[%mdl 512]} Nb3 (19... Nxb6 20. Nc6) 20. Qd3 (20. Nxd5 $6 exd5 21. Qxd5 Be6) 20... Nxb6 21. Qxb3 Bb7 22. Bf3 Bxf3 23. Qxf3 (23. Nxf3 $6 a4 $16) 23... a4 24. Rfe1 Qc5 25. Rec1 Qxb5 26. Rab1 Qa5 {[#]} 27. Nxf7 $1 {aiming for Ng5.} Rxf7 {[#]} 28. Rxb6 $1 {[%mdl 512]} e5 {[#]} (28... Qxb6 29. Qxa8+) 29. Rb5 $1 {[%mdl 512]} Qxb5 $2 (29... Qa7 30. Rxe5 Rd8) 30. Qxa8+ {[%mdl 4096] Endgame KQR-KQR} Rf8 31. Rc8 Rxc8 (31... Qb1+ $142 32. Kg2 Rxc8 33. Qxc8+ Kf7 34. Qc7+ (34. fxe5 Qe4+ 35. Kh3 Qxe5 $18) 34... Kg6 35. Qd6+ (35. fxe5 Qe4+ 36. Kf1 Qd3+ 37. Ke1 Qxa3 $16) 35... Kf7 36. Qd7+ (36. fxe5 Qe4+ 37. Kf1 Qh1+ 38. Ke2 Qe4+ 39. Kd2 Qf3 $18) 36... Kf8 37. Qd6+ (37. fxe5 Qe4+ 38. Kh3 Qxe5 $18) 37... Kf7 38. Qd7+ (38. Qxe5 Qb7+ 39. f3 Qd7 $18) 38... Kf8 39. Qd6+ Kf7) 32. Qxc8+ {KQ-KQ} Kf7 33. Qf5+ Kg8 34. fxe5 Qc5 35. Qe6+ Kf8 36. Qd6+ Qxd6 37. exd6 {KP-KP} Ke8 38. Kf1 Kd7 39. Ke2 Kxd6 40. Kd3 Kd5 41. Kc3 Kc5 42. f4 {[%cal Bf2f4,Bf4f5][%mdl 32]} g6 43. g4 h6 44. h3 {[%cal Bh2h3,Bh3g4,Bg4f5][%mdl 32]} h5 45. f5 hxg4 46. hxg4 gxf5 47. gxf5 {White mates.} Kd5 48. Kb4 Ke5 49. Kxa4 {[%mdl 32768] Precision: White = 90%, Black = 25%. . An unexpected result.} 1/2-1/2

[Event "Dvorkovich Memorial Rapid 2018"]
[Site "Taganrog"]
[Date "2018.01.14"]
[Round "2.8"]
[White "Kotenko, Pavel"]
[Black "Kryakvin, Dmitry"]
[Result "0-1"]
[WhiteElo "2403"]
[BlackElo "2580"]
[Annotator "TA"]
[PlyCount "98"]
[EventDate "2018.??.??"]
[EventType "swiss"]
[EventCountry "RUS"]
[SourceTitle "playchess.com"]
[Source "ChessBase"]
[SourceQuality "1"]

{[%evp 14,98,27,19,28,21,37,10,8,15,15,8,63,64,74,-8,-7,0,22,-14,-6,-13,-7,-17,-18,-18,-18,-41,-30,-27,-9,-15,0,-26,-32,-56,-55,-77,-72,-77,-33,-44,-44,-44,-41,-44,-44,-54,-54,-58,-58,-52,-54,-85,-77,-80,-57,-84,-82,-78,-78,-77,-72,-145,-137,-188,-181,-242,-252,-343,-342,-473,-485,-494,-479,-494,-494,-477,-459,-441,-372,-409,-364,-734,-752,-1756,-1561]} 1. e4 e6 2. d4 d5 3. Nc3 Nf6 4. e5 Nfd7 5. f4 c5 6. Nf3 a6 7. Be3 Qb6 8. a3 Nc6 {C11: French: Classical System: 4 e5 and 4 Bg5 dxe4} 9. dxc5 (9. Na4 Qa5+ 10. Bd2 Qc7 11. dxc5 Nxc5 12. Nxc5 Bxc5 13. Bd3 Bd7 14. Ng5 h6 15. Nh3 O-O-O 16. b4 {½-½ (36) Shirov,A (2683)-Fridman,D (2594) Tallinn 2017}) 9... Bxc5 10. Na4 $1 {[%cal Ra4b6]} Qa5+ {The position is equal.} 11. b4 Qxa4 12. bxc5 f6 (12... O-O $11) 13. exf6 $1 $14 Nxf6 {[#]} 14. c4 (14. Bd3 $1 $16) 14... Qa5+ $11 15. Qd2 O-O 16. Qxa5 (16. Bd3 {feels hotter.} Rd8 17. cxd5 Qxd2+ 18. Kxd2 Nxd5 19. Rhc1) 16... Nxa5 17. Ne5 $146 Nd7 18. Nxd7 Bxd7 19. cxd5 exd5 20. Bd3 Rae8 21. Kf2 g5 22. g3 Bc6 {Strongly threatening ...Nb3.} 23. Rhb1 Nc4 24. Bxc4 dxc4 25. Rd1 Re4 26. Rac1 Rfe8 27. Rc3 gxf4 28. gxf4 Kf7 29. Rd4 Bb5 30. Rxe4 Rxe4 $15 {[%mdl 4096] Endgame KRB-KRB} 31. Bd2 Rd4 32. Be3 Rd1 33. a4 Bxa4 34. Rxc4 Bc6 35. Rc1 Rd3 36. Ke2 Rb3 37. Bd4 Ke6 38. Be5 ({White should play} 38. Bc3) 38... Rh3 $17 39. Rg1 (39. Bc7 $17) 39... a5 $19 {[%cal Ba6a5,Ba5a4,Ba4a3][%mdl 32]} 40. Rg8 (40. Rg5 $142) 40... a4 ({Don't take} 40... Rxh2+ 41. Ke3) 41. Kd1 Rxh2 42. Kc1 a3 43. Kb1 Be4+ 44. Ka1 Bd5 {[#] ( -> ...Rh1+)} 45. Rg1 h5 46. Re1 {f5+! is the strong threat.} Kf5 47. Bd6 {Hoping for Re5+.} Rd2 {aiming for ...h4.} 48. c6 $2 (48. Be7) 48... bxc6 49. Bxa3 Ra2+ {Precision: White = 43%, Black = 60%.} 0-1

[Event "Dvorkovich Memorial Rapid 2018"]
[Site "Taganrog"]
[Date "2018.01.14"]
[Round "2.9"]
[White "Timofeev, Artyom"]
[Black "Nazaretyan, Tigran"]
[Result "1-0"]
[WhiteElo "2563"]
[BlackElo "2285"]
[Annotator "TA"]
[PlyCount "138"]
[EventDate "2018.??.??"]
[EventType "swiss"]
[EventCountry "RUS"]
[SourceTitle "playchess.com"]
[Source "ChessBase"]
[SourceQuality "1"]

{[%evp 20,138,-1,-18,-20,-8,-6,-7,0,0,0,-2,0,0,0,0,0,0,0,0,0,-22,0,0,0,-4,0,0,0,0,0,-11,0,0,0,-8,11,-929,509,7,7,6,16,12,12,10,10,14,20,0,10,6,6,6,12,0,2,0,0,0,0,0,0,4,10,10,25,17,33,37,27,29,36,42,218,191,275,267,294,275,304,301,393,375,384,363,443,434,495,452,527,507,645,612,637,639,614,591,731,733,758,690,687,709,1596,1477,29961,11206,29972,29972,29961,29963,29971,29973,29976,29977,29978,29979,29979,29980,29987]} 1. c4 Nf6 2. Nc3 g6 3. g3 c6 4. e3 Bg7 5. Nge2 d5 6. cxd5 cxd5 7. d4 Nc6 8. Bg2 O-O 9. O-O b6 10. b3 {D71: Fianchetto Grünfeld: 3 g3 d5 sidelines and 5 cxd5 (without Nf3)} Ba6 11. Ba3 {LiveBook: 7 Games} Rc8 $146 ({Predecessor:} 11... Re8 12. Qd2 Rc8 13. Rfd1 e6 {½-½ (13) Malakhatko,V (2518)-Yilmazyerli,M (2459) Ankara 2017}) 12. Qd2 {The position is equal.} Qd7 13. Rfd1 Rfd8 14. Rac1 h5 15. Nf4 e6 16. Nd3 Ng4 17. Ne2 Rc7 18. Rc2 Rdc8 19. Rdc1 Nf6 20. Nc3 Ng4 21. Nf4 {[%cal Rc3d5] [#] aiming for Ncxd5!} Nf6 22. h3 Kh7 23. Bf3 Kg8 24. Kg2 Ne7 25. Nd3 Nc6 26. Be2 Qd8 27. Nf4 Bxe2 28. Nb5 $2 {[%mdl 8192] [#]} (28. Qxe2 $11 Na5 29. Nd3) 28... Ne7 $4 {[%mdl 8192]} (28... Bxb5 $19 29. h4 Ne4) 29. Qxe2 $2 ({Less strong is} 29. Rxc7 Bxb5 30. Bxe7 (30. Rxe7 g5 $16) 30... Qxc7 $18) (29. Nxc7 $18 Bc4 30. Ncxe6 fxe6 31. bxc4 dxc4 32. Bxe7 Qxe7 33. Rxc4 Rxc4 34. Rxc4) 29... Rxc2 $11 30. Rxc2 Rxc2 31. Qxc2 Qc8 32. Qxc8+ Nxc8 33. Nd3 Nd7 34. Nb4 Bf8 35. Nc6 Bxa3 36. Nxa3 {[%mdl 4096] Endgame KNN-KNN} a6 37. Nc2 Kf8 38. N2b4 a5 $1 {[%cal Ra5b4]} 39. Nd3 Nd6 40. f3 {[%cal Bf2f3,Bf3e4][%mdl 32]} Nf5 41. Kf2 Ne7 42. Na7 Ke8 43. e4 Kd8 44. Nb5 dxe4 45. fxe4 Nf6 46. Ke3 {Threatens to win with Ne5.} Nc6 $2 ({Black should play} 46... Ne8 $14) 47. Nd6 $18 Ke7 (47... Nd7 {might work better.} 48. Nxf7+ Ke7) 48. Nc8+ Ke8 49. Nxb6 g5 50. a3 h4 51. gxh4 gxh4 52. Nc4 Nd7 53. Nde5 Ncxe5 54. Nxe5 {KN-KN} ({Not} 54. dxe5 Kd8 $18) 54... Nb6 55. Nf3 a4 56. bxa4 Nxa4 57. Nxh4 Nb2 58. Kf4 f6 59. Nf3 Kf7 60. Nd2 Kg6 61. Nb3 Kh5 62. Nc5 e5+ 63. dxe5 fxe5+ 64. Kf5 {White mates.} Nc4 65. a4 {[%cal Ba3a4,Ba4a5,Ba5a6,Ba6a7][%mdl 32]} Kh4 66. Nb7 Kxh3 67. a5 Kg3 68. a6 Kf3 69. a7 Ke3 {Precision: White = 73%, Black = 38%.} 1-0

[Event "Dvorkovich Memorial Rapid 2018"]
[Site "Taganrog"]
[Date "2018.01.14"]
[Round "2.10"]
[White "Zakaryan, David"]
[Black "Iljiushenok, Ilia"]
[Result "1-0"]
[WhiteElo "2420"]
[BlackElo "2512"]
[Annotator "TA"]
[PlyCount "63"]
[EventDate "2018.??.??"]
[EventType "swiss"]
[EventCountry "RUS"]
[SourceTitle "playchess.com"]
[Source "ChessBase"]
[SourceQuality "1"]

{[%evp 20,63,14,0,49,8,43,31,70,68,171,120,135,108,105,96,200,207,202,212,189,190,178,180,174,167,356,353,385,229,237,49,78,-141,103,104,141,141,201,193,694,706,696,680,919,945]} 1. d4 Nf6 2. Nf3 g6 3. c4 Bg7 4. Nc3 O-O 5. e4 d6 6. h3 e5 7. d5 a5 8. Be3 Na6 9. g4 Nd7 {E90: King's Indian: Classical: Early deviations and 6 h3} (9... Nc5 10. Nd2 c6 11. Be2 a4 12. Qc2 Bd7 13. a3 cxd5 14. exd5 Rc8 15. f3 e4 16. fxe4 Qe7 17. O-O h5 18. g5 Nh7 19. h4 f6 20. Nf3 {½-½ (68) Anton Guijarro,D (2666)-Demchenko,A (2660) Riadh 2017}) 10. h4 Ndc5 11. Nd2 {LiveBook: 7 Games} c6 {The position is equal.} 12. a3 Bd7 13. h5 a4 $146 ({Predecessor:} 13... Bf6 14. Qf3 Bg5 15. O-O-O Bxe3 16. Qxe3 g5 17. dxc6 bxc6 {1-0 (30) Otero Acosta,D (2456)-Clavijo,J (2330) Santa Clara 2015}) 14. Qf3 f5 (14... cxd5 $14 15. cxd5 (15. Nxd5 Nc7 $11) 15... h6) 15. hxg6 (15. gxf5 $18 {Threatens to win with Qg3.} gxf5 16. h6) 15... fxg4 16. Qg3 hxg6 17. Be2 (17. Qh2 $6 Kf7 $11) 17... g5 (17... Rf4 $16) 18. Bxg4 $18 Nd3+ 19. Ke2 Nf4+ 20. Bxf4 exf4 21. Qh3 {Threatening mate with Qh7+.} Bxg4+ 22. Qxg4 {Strongly threatening Rag1.} Nc5 $2 (22... Qb6 {was worth a try.}) 23. Rag1 f3+ 24. Kd1 (24. Nxf3 $142 Rf4 25. Qxg5 Qxg5 26. Nxg5 (26. Rxg5 Nxe4 27. Nxe4 Rxe4+ 28. Kd1 Rf8 $16)) 24... Nd3 {[#]} 25. Qe6+ $2 $40 {[%mdl 128] White mounts an attack.} (25. Kc2 $1 $18 {[%cal Rc2d3] and the rest is easy.} Ne5 26. Qxg5 Qxg5 27. Rxg5) 25... Rf7 $16 26. Nxf3 $2 {[#]} (26. Rh2 $16 {and life is bright.}) 26... Qf6 $2 (26... Nf4 $1 $17 {[%cal Rf4e6]} 27. Nxg5 (27. Qg4 $2 Qb6 $19) 27... Nxe6 28. Nxf7 Kxf7 29. dxe6+ Kf6) 27. Qxf6 Rxf6 28. Ke2 Raf8 (28... Nxb2 $16 29. Nxg5 (29. Rxg5 Raf8 $16) 29... Raf8) 29. Nxg5 $18 (29. Rxg5 $2 Rxf3 30. Rh2 (30. Rhg1 $2 Rxf2+ 31. Kd1 Nxb2+ 32. Kc1 R8f7 $19) 30... Nxb2 $19) 29... Nxf2 $2 (29... Nxb2 30. f3 Nxc4) 30. Rh2 {White is clearly winning.} Rg6 31. Rhg2 ({Not} 31. Rxf2 Rxf2+ 32. Kxf2 Bd4+ 33. Kf3 Bxg1 $11) 31... Rf4 32. Ne6 {Precision: White = 51%, Black = 12%.} ({Weaker is} 32. Rxf2 Rxf2+ 33. Kxf2 Bd4+ 34. Kf3 Bxg1 $11) 1-0

[Event "Dvorkovich Memorial Rapid 2018"]
[Site "Taganrog"]
[Date "2018.01.14"]
[Round "2.11"]
[White "Esipenko, Andrey"]
[Black "Murzin, Volodar"]
[Result "1-0"]
[WhiteElo "2571"]
[BlackElo "2268"]
[Annotator "TA"]
[PlyCount "62"]
[EventDate "2018.??.??"]
[EventType "swiss"]
[EventCountry "RUS"]
[SourceTitle "playchess.com"]
[Source "ChessBase"]
[SourceQuality "1"]

{[%evp 9,62,15,40,13,22,0,0,-17,-13,-17,-14,-19,-18,-13,-18,-22,8,-12,-15,-22,-15,-21,-3,-3,0,-56,-37,-64,-56,-41,-58,-85,0,0,0,0,31,25,35,45,114,106,118,120,107,91,208,201,171,102,112,31,33,33,139]} 1. d4 Nf6 2. Bf4 d6 3. Nc3 g6 4. e4 Bg7 5. Be2 (5. Nf3 O-O 6. Qd2 Nc6 7. Bh6 Bg4 8. Bxg7 Kxg7 9. O-O-O Bxf3 10. gxf3 e5 11. dxe5 dxe5 12. Qe3 Qe7 13. f4 Rad8 14. Bh3 a6 {0-1 (50) Karjakin,S (2783)-Nepomniachtchi,I (2751) chess.com INT 2017}) 5... c6 {LiveBook: 3 Partien} 6. a4 {B07: Pirc-Ufimzew-Verteidigung} Qa5 7. Qd2 e5 $146 ({Vorgänger:} 7... Nbd7 8. Nf3 e5 9. Be3 Ng4 10. O-O Nxe3 11. Qxe3 O-O 12. Ra3 Re8 13. dxe5 Nxe5 {½-½ (58) Zivkovic,M (2027)-Ilic,S (2193) Mosko 2015}) 8. dxe5 {Die Stellung ist ausgeglichen.} dxe5 9. Be3 O-O 10. Nf3 Rd8 11. Bd3 Na6 {[%cal Bb8a6,Ba6c5,Bc5e6,Be6d4][%mdl 32]} 12. O-O Bg4 13. Ne1 Be6 14. Qe2 Nc5 $36 {[%mdl 2048] Schwarz kämpft um Vorteil.} 15. Bc4 Bxc4 16. Qxc4 Ne6 17. h3 ({Günstiger ist} 17. f3 $11) 17... Nd4 $1 $15 18. b4 Qc7 19. a5 Qe7 20. Ra2 Qe6 (20... Ne8 $17 21. Rb2 Nd6) 21. Qxe6 $11 Nxe6 22. Nd3 Ne8 23. Nc5 Nxc5 24. bxc5 a6 {[#]} (24... Rd7 $14) 25. Rb2 $1 $16 Rd7 26. Rfb1 Ra7 27. Na4 Nf6 (27... f5 $16) 28. Nb6 $18 Rd8 29. Nc4 (29. f3 $18) 29... Nxe4 $16 30. Rxb7 ({Besser ist} 30. Nd6 $16 Nxd6 31. cxd6) 30... Rxb7 $14 31. Rxb7 {Sd6! ist eine echte Drohung.} Bf8 {Precision: Weiß = 46%, Schwarz = 54%.} (31... f5 $14) 1-0

[Event "Dvorkovich Memorial Rapid 2018"]
[Site "Taganrog"]
[Date "2018.01.14"]
[Round "2.12"]
[White "Oganian, Roman"]
[Black "Potapov, Pavel"]
[Result "1/2-1/2"]
[WhiteElo "2215"]
[BlackElo "2479"]
[Annotator "TA"]
[PlyCount "72"]
[EventDate "2018.??.??"]
[EventType "swiss"]
[EventCountry "RUS"]
[SourceTitle "playchess.com"]
[Source "ChessBase"]
[SourceQuality "1"]

{[%evp 11,72,10,12,0,9,-27,-37,-24,-19,-25,0,-8,25,29,28,29,37,-6,-10,-43,-27,-39,-10,-8,0,0,0,0,0,4,79,29,191,182,194,190,178,152,259,242,603,583,516,510,494,445,459,479,481,447,5297,869,5285,5277,5257,5289,5289,0,0,0,5261,5285,1664]} 1. e4 c5 2. Nf3 Nc6 3. Bb5 g6 4. Bxc6 bxc6 5. O-O Bg7 6. d3 Nf6 7. Nbd2 {B31: Sicilian: 2...Nc6 3 Bb5 g6} (7. e5 Nd5 8. Re1 O-O 9. Nbd2 f6 10. c4 Nc7 11. exf6 Rxf6 12. Ne4 Rf8 13. Nxc5 d6 14. Ne4 Bg4 15. Ned2 Qd7 16. h3 Bh5 {½-½ (28) Bergez,L (2342)-Cornette,M (2579) Drancy 2016}) 7... O-O 8. Nc4 $146 ({Predecessor:} 8. Re1 Ne8 9. e5 f6 10. Qe2 fxe5 11. Nxe5 Qc7 12. Nef3 e6 13. Nb3 d6 14. c3 e5 15. h3 Nf6 16. d4 cxd4 17. cxd4 {0-1 (49) Vasiukov,E (2451)-Karlsson,L (2408) Sibenik 2014}) 8... d5 9. Ncd2 {[%cal Bc4d2,Bd2f1,Bf1h2,Bh2g4][%mdl 32] Black is slightly better.} Qc7 10. Re1 Rb8 11. h3 Rd8 12. e5 Nd7 {[%cal Rd7e5,Bf6d7,Bd7f8,Bf8e6][%mdl 32]} 13. Qe2 $1 Nf8 14. Nf1 Ne6 15. c3 a5 16. N1h2 {[#]} c4 $1 {[%mdl 512]} 17. dxc4 Ba6 18. Ng5 Nxg5 19. Bxg5 Bxc4 20. Qd2 $1 Bxe5 (20... a4 $11) 21. Ng4 f6 $2 {[#]} (21... Bd6 $1 $11 {and Black is okay.}) 22. Rxe5 $1 $18 {[%mdl 512]} fxe5 23. Re1 e4 {aiming for ...h5.} 24. Bf4 {[%mdl 1024] [#] White has strong compensation.} Qb6 (24... Rxb2 $1 $16 {[%mdl 512]} 25. Bxc7 (25. Qxb2 Qxf4) 25... Rxd2 26. Bxd8 Rxa2) 25. Be5 {Intending Qf4 and mate.} Kf8 $2 ({But not} 25... e3 26. Rxe3 Kf7 27. Bxb8 $18) (25... Kf7 26. b3 Ba6) 26. Qf4+ Ke8 {...Rb7 would now be nice for Black.} 27. Bc7 g5 28. Qe5 Qxb2 29. Qe6 {White threatens Nf6+ and mate.} Qxc3 {[#]} 30. Be5 $3 {[%mdl 512] Threatening mate with Nf6+.} Qxe1+ (30... d4 $142 31. Nf6+ Kf8 32. Nxh7+ Ke8 33. Qxc6+ Rd7) 31. Kh2 {Nf6+ would kill now.} d4 32. Nf6+ $1 Kf8 33. Nxh7+ Ke8 34. Nf6+ Kf8 35. Nh7+ Ke8 36. Qxc6+ Rd7 {[%mdl 32768] Precision: White = 72%, Black = 30%. . An unexpected result.} 1/2-1/2

[Event "Dvorkovich Memorial Rapid 2018"]
[Site "Taganrog"]
[Date "2018.01.14"]
[Round "2.13"]
[White "Sarana, Alexey"]
[Black "Zakharov, Alexander S"]
[Result "1-0"]
[WhiteElo "2562"]
[BlackElo "2437"]
[Annotator "TA"]
[PlyCount "49"]
[EventDate "2018.??.??"]
[EventType "swiss"]
[EventCountry "RUS"]
[SourceTitle "playchess.com"]
[Source "ChessBase"]
[SourceQuality "1"]

{[%evp 26,49,43,65,180,108,137,44,42,35,58,38,47,55,156,144,177,139,182,126,121,121,152,151,345,338]} 1. d4 Nf6 2. Nf3 c5 3. d5 d6 4. c4 g6 5. Nc3 Bg7 6. h3 O-O 7. e4 e6 8. Bd3 exd5 9. cxd5 a6 10. a4 Re8 11. O-O c4 {A70: Modern Benoni: 6 e4 g6 7 Nf3} (11... Nbd7 12. Re1 Nh5 13. Bg5 Qc7 14. Rc1 Rb8 15. Qd2 c4 16. Bf1 b5 17. axb5 axb5 18. Nd4 Ba6 19. Nc6 Ra8 20. b4 cxb3 21. Nxb5 Qb6 22. Be3 Nc5 23. Nxd6 b2 24. Bxc5 bxc1=Q 25. Qxc1 Qb3 26. Bxa6 Rf8 27. Bc4 Qc3 28. e5 Qxc1 29. Rxc1 {1-0 (29) Potkin,V (2574)-Sviridov,V (2519) St Petersburg 2017}) 12. Bxc4 Nxe4 13. Nxe4 Rxe4 14. Bg5 {LiveBook: 4 Games} Qb6 ({Black should play} 14... Qf8 $14 15. Qc2 Re8) 15. Re1 $146 ({White should try} 15. Bd3 $18 Re8 16. Re1) ({Predecessor:} 15. Bd3 Rb4 16. a5 Qa7 17. Qe1 Rb3 18. Qe8+ Bf8 19. Bh6 Nd7 20. Ng5 {1-0 (20) Ivanov,J (2409)-Perera Casinas,A (2076) Seville 2010}) 15... Bf5 (15... Rxc4 $2 16. Re8+ Bf8 17. Bh6 $18) 16. Bd3 (16. Be3 $1 $16 {[%cal Re3b6]} Qxb2 17. Rb1) 16... Rxe1+ $14 17. Qxe1 Nd7 $1 ({But not} 17... Bxd3 $2 18. Qe8+ Bf8 19. Re1 $18) 18. Bxf5 gxf5 19. Rb1 Ne5 {[#]} (19... Qb3 $14) 20. Nh4 $1 $36 {[%mdl 2048] White is in control.} f4 21. Bxf4 Nd3 22. Qe3 (22. Qd2 $18 Nxf4 23. Qxf4) 22... Qxe3 23. Bxe3 Nxb2 24. Nf5 Nxa4 $2 {[#]} (24... Bc3 $16 25. Nxd6 Rd8) 25. Rb4 $1 {Precision: White = 68%, Black = 10%.} ({Less strong is} 25. Nxd6 b5 $14) (25. Rxb7 a5 $16) 1-0